| 000 | 00719nam a2200205Ia 4500 | ||
|---|---|---|---|
| 005 | 20241129111250.0 | ||
| 008 | 241129s9999||||xx |||||||||||||| ||und|| | ||
| 037 | _aTB | ||
| 040 |
_aCRL _bpun _cCRL |
||
| 041 |
_apun _2pun |
||
| 084 |
_aO153,3x Q9 _qCRL |
||
| 100 | _aਧੀਮਾਨ, ਹਰਬੰਸ ਸਿੰਘ, ਚ। | ||
| 245 | 0 |
_aਪਾਕਿਸਤਾਨੀ ਪੰਜਾਬੀ 51 ਕਹਾਣੀਆਂ _cਧੀਮਾਨ, ਹਰਬੰਸ ਸਿੰਘ, ਚ। |
|
| 260 |
_aਦਿੱਲੀ, ਭਾਰਤ _bਨਵਯੁਗ ਪਬਲਿਸ਼ਰਜ਼ _c2019 |
||
| 300 | _a362ਪ੍ਰ0 | ||
| 365 |
_aINR _b600 |
||
| 650 | _aPunjabi Literature | ||
| 942 |
_cTB _hO153,3x Q9 |
||
| 999 |
_c1229648 _d1229648 |
||